| 000 | 00418nam a22001457a 4500 | ||
|---|---|---|---|
| 999 |
_c513526 _d513526 |
||
| 008 | 200305b ||||| |||| 00| 0 eng d | ||
| 100 |
_aJangid, S.R. _916541 |
||
| 245 | _aPolice performance measurement index | ||
| 260 | _bIndian Police Journal | ||
| 300 | _a66(4), Oct-Dec, 2019: p.151-169. | ||
| 650 |
_aPerformance measurement _916542 |
||
| 773 | _aIndian Police Journal | ||
| 906 | _aPolice | ||
| 942 |
_2ddc _cAR |
||